书目信息 |
| 题名: |
现代企业财务管理
|
|
| 作者: | 徐光华 , 刘义鹃 , 柳世平 编著 | |
| 分册: | ||
| 出版信息: | 北京 北京交通大学出版社 2006.09 |
|
| 页数: | 396页 | |
| 开本: | 28cm | |
| 丛书名: | 现代MBA系列教材 | |
| 单 册: | ||
| 中图分类: | F275 | |
| 科图分类: | ||
| 主题词: | 企业管理--qi ye guan li--财务管理--教材 | |
| 电子资源: | ||
| ISBN: | 7-81082-857-6 | |
| 000 | 01179nam 2200301 450 | |
| 001 | 012007091156 | |
| 005 | 20071010101826.42 | |
| 010 | @a7-81082-857-6@dCNY44.00 | |
| 100 | @a20070524d2006 km y0chiy0120 ea | |
| 101 | 0 | @achi |
| 102 | @aCN@b110000 | |
| 105 | @aa z 000yy | |
| 200 | 1 | @a现代企业财务管理@Axian dai qi ye cai wu guan li@f徐光华 ... [等] 编著@Fxu guang hua...[deng]bian zhu |
| 210 | @a北京@c北京交通大学出版社@d2006.09 | |
| 215 | @a396页@c图@d28cm | |
| 225 | 2 | @a现代MBA系列教材@Axian dai MBA xi lie jiao cai |
| 304 | @a题名页题 : 徐光华, 刘义鹃, 柳世平等编著 | |
| 312 | @a英文并列题名取自封面。 | |
| 330 | @a本书主要介绍现代财务管理基本原理及其应用的相关内容,包括财务管理基本知识、基本理论与方法、财务分析的基本方法与应用、财务预测与财务预算、项目投资决策、金融投资决策、营运资本投资决策等内容。 | |
| 410 | 0 | @12001 @a现代MBA系列教材 |
| 510 | 1 | @aFinancial management of modern corporation@zeng |
| 606 | 0 | @a企业管理@Aqi ye guan li@x财务管理@j教材 |
| 690 | @aF275@v4 | |
| 701 | 0 | @a徐光华@Axu guang hua@4编著 |
| 701 | 0 | @a刘义鹃@Aliu yi juan@4编著 |
| 701 | 0 | @a柳世平@Aliu shi ping@4编著 |
| 801 | 0 | @aCN@c20071010 |
| 905 | @dF275@eX712 | |
| 现代企业财务管理/徐光华 ... [等] 编著.-北京:北京交通大学出版社,2006.09 |
| 396页:图;28cm.-(现代MBA系列教材) |
| ISBN 7-81082-857-6:CNY44.00 |
| 本书主要介绍现代财务管理基本原理及其应用的相关内容,包括财务管理基本知识、基本理论与方法、财务分析的基本方法与应用、财务预测与财务预算、项目投资决策、金融投资决策、营运资本投资决策等内容。 |
| ● |
| 相关链接 |
|
|
|
正题名:现代企业财务管理
索取号:F275/X712
 
预约/预借
| 序号 | 登录号 | 条形码 | 馆藏地/架位号 | 状态 | 备注 |
| 1 | 243195 | 202431957 | 社科库409/409社科库 94排4列4层/ [索取号:F275/X712] | 在馆 | |
| 2 | 243196 | 202431966 | 社科库409/409社科库 94排4列4层/ [索取号:F275/X712] | 在馆 |